Statystyki dla Największe miasta w Illinois

Kliknij tutaj aby rozwiązać quiz!

Ogólne statystyki

  • Ten quiz został rozwiązany 8 razy
  • Średni wynik to 2 z 20

Statystyki odpowiedzi

PopulacjaHrabstwoMiasto% Poprawnych
2 705 994CookChicago
100%
199 602KaneAurora
17%
58 959CookDes Plaines
17%
111 683KaneElgin
17%
148 099WillJoliet
17%
148 304DuPageNaperville
17%
111 388Peoria
17%
146 526WinnebagoRockford
17%
114 694SangamonSpringfield
17%
75 249CookArlington Heights
0%
77 962McLeanBloomington
0%
75 178WillBolingbrook
0%
88 029Champaign
0%
81 597CookCicero
0%
71 290MaconDecatur
0%
74 106CookEvanston
0%
68 053CookPalatine
0%
73 509CookSchaumburg
0%
63 280CookSkokie
0%
86 792LakeWaukegan
0%

Rozkład punktacji

Percentyl według liczby udzielonych odpowiedzi

Procent ludzi z każdym wynikiem

Twoja historia wyników

Nie rozwiązałeś tego quizu